000 00462nam a2200157Ia 4500
008 220204s9999 xx 000 0 und d
082 _a631.461
_bWAN
245 0 _aTransformation of plants and soil microorganisms
260 _aNew York
_bCambridge University Press
_c1995
490 _aPlant and microbial biotechnology research 3
650 _aForest trees
650 _aRice transformation
650 _aSoil bacteria
700 _aWang, Kan
942 _cBK
999 _c40824
_d40824